| 000 | 00621nam a22001817a 4500 | ||
|---|---|---|---|
| 999 |
_c167542 _d167542 |
||
| 005 | 20220217164941.0 | ||
| 010 | _aENG_126433 | ||
| 020 |
_a978-93-86473-00-4 _c695.00 |
||
| 035 | _aEN-109965 | ||
| 037 | _bDBAD/PUB | ||
| 082 | _a320.96954 | ||
| 100 | _aKashyap, Subhash C | ||
| 245 |
_aDemocracy and good Governance : _bSome guidelines for today's parliamentarians / _cBy Subhash C Kashyap |
||
| 260 |
_bVitasta Publisher _c2017 _aNew Delhi |
||
| 270 |
_minfo@vitastapublising.com _a2/15, Ansari Road, Daryaganj _bNew Delhi _e110002 |
||
| 300 |
_a420p. _c23cm.(hb) |
||
| 942 |
_2ddc _cEN _h320.96954 _mKAS |
||